Library Banner

Sawaneh hiyat Hazrat Lal Shahbaz Qalandar = سوانح حیات حضرت لعل شہباز قلندر / (Record no. 134083)

MARC details
000 -LEADER
fixed length control field 00565nam a22001457a 4500
005 - DATE AND TIME OF LATEST TRANSACTION
control field 20240513110834.0
008 - FIXED-LENGTH DATA ELEMENTS--GENERAL INFORMATION
fixed length control field 240513b ||||| |||| 00| 0 eng d
040 ## - CATALOGING SOURCE
Transcribing agency PK-LaUMT
082 ## - DEWEY DECIMAL CLASSIFICATION NUMBER
Classification number APC 297.4092
Item number ASH-S
100 ## - MAIN ENTRY--PERSONAL NAME
Personal name Ashraf Naqashbandi, Muhammad = اشرف نقشبندی، محمد
245 ## - TITLE STATEMENT
Title Sawaneh hiyat Hazrat Lal Shahbaz Qalandar = سوانح حیات حضرت لعل شہباز قلندر /
Statement of responsibility, etc by Muhammad Ashraf Naqashbandi = محمد اشرف نقشبندی
260 ## - PUBLICATION, DISTRIBUTION, ETC. (IMPRINT)
Place of publication, distribution, etc Lahore :
Name of publisher, distributor, etc Shamah Book Agency,
Date of publication, distribution, etc 2001
300 ## - PHYSICAL DESCRIPTION
Extent 144 p.
942 ## - ADDED ENTRY ELEMENTS (KOHA)
Koha item type Books
Holdings
Withdrawn status Lost status Damaged status Home library Current library Date acquired Full call number Barcode Date last seen Price effective from Koha item type
      UMT Main Campus UMT Main Campus 2024-05-13 APC 297.4092 ASH-S 146767 2024-05-13 2024-05-13 Books